[Event "Mittelfrank Regionalliga Nord-Ost 2223"]
[Site "Mittelfranken"]
[Date "2023.03.05"]
[Round "7.6"]
[White "Strobel, Norbert"]
[Black "Liemann, Michael"]
[Result "1/2-1/2"]
[WhiteElo "1972"]
[BlackElo "1984"]
[PlyCount "83"]
[EventDate "2022.10.09"]
[EventType "team-tourn"]
[EventRounds "9"]
[EventCountry "GER"]
[SourceTitle "EXT 2024"]
[Source "ChessBase"]
[SourceDate "2023.10.10"]
[SourceVersion "1"]
[SourceVersionDate "2023.10.10"]
[SourceQuality "1"]
[WhiteTeam "Fuerth SG"]
[BlackTeam "Forchheim SC"]
[WhiteTeamCountry "GER"]
[BlackTeamCountry "GER"]

1. d4 d6 2. g3 g6 3. Bg2 Bg7 4. e4 Nc6 5. Ne2 e5 6. c3 Nf6 7. 0-0 0-0 8. h3 Qe8 9. d5 Ne7 10. Bg5 Nd7 11. Qd2 f5 12. f3 fxe4 13. fxe4 Rxf1+ 14. Bxf1 Nc5 15. Bg2 a5 16. c4 Kh8 17. Nbc3 Bd7 18. Rf1 Ng8 19. Kh2 b6 20. b3 h6 21. Be3 Qe7 22. Nc1 Kh7 23. Nd3 Nxd3 24. Qxd3 Rf8 25. Rxf8 Qxf8 26. Qf1 Qe7 27. a3 h5 28. b4 axb4 29. axb4 Bh6 30. Bg1 h4 31. gxh4 Bf4+ 32. Kh1 Qxh4 33. Ne2 g5 34. Qf2 Qh6 35. Nxf4 gxf4 36. Qf3 Nf6 37. c5 Bg4 38. Qf1 bxc5 39. bxc5 f3 40. Bxf3 Bxh3 41. Qf2 Nxe4 42. Qh2 1/2-1/2

[Event "Mittelfrank Regionalliga Nord-Ost 2223"]
[Site "Mittelfranken"]
[Date "2022.10.09"]
[Round "1.6"]
[White "Kestler, Dirk"]
[Black "Strobel, Norbert"]
[Result "0-1"]
[WhiteElo "1820"]
[BlackElo "1972"]
[PlyCount "56"]
[EventDate "2022.10.09"]
[EventType "team-tourn"]
[EventRounds "9"]
[EventCountry "GER"]
[SourceTitle "EXT 2024"]
[Source "ChessBase"]
[SourceDate "2023.10.10"]
[SourceVersion "1"]
[SourceVersionDate "2023.10.10"]
[SourceQuality "1"]
[WhiteTeam "Heng Postbauer"]
[BlackTeam "Fuerth SG"]
[WhiteTeamCountry "GER"]
[BlackTeamCountry "GER"]

1. d4 d5 2. Nf3 Bf5 3. c4 c6 4. Qb3 Qb6 5. Qxb6 axb6 6. Nc3 e6 7. Bf4 Nf6 8. Nh4 Bg4 9. f3 Bh5 10. g4 Bg6 11. Nxg6 hxg6 12. e4 dxe4 13. Nxe4 Bb4+ 14. Kf2 Nxe4+ 15. fxe4 Be7 16. Bg2 Na6 17. a3 0-0-0 18. Rac1 Rxd4 19. Be3 Rd7 20. Bxb6 Rd2+ 21. Kf1 Rxb2 22. Bd4 Ra2 23. Bxg7 Rd8 24. Bh6 g5 25. h4 Rdd2 26. Bh3 Rf2+ 27. Ke1 Bxa3 28. Rb1 Bb4+ 0-1

[Event "Mittelfranken-chTB2a 1718"]
[Site "Mittelfranken"]
[Date "2018.04.22"]
[Round "8.8"]
[White "Auth, Bernhard"]
[Black "Strobel, Norbert"]
[Result "0-1"]
[WhiteElo "1706"]
[BlackElo "1969"]
[PlyCount "108"]
[EventDate "2017.10.08"]
[EventType "team-tourn"]
[EventRounds "9"]
[EventCountry "GER"]
[SourceTitle "EXT 2022"]
[Source "ChessBase"]
[SourceDate "2021.10.06"]
[SourceVersion "1"]
[SourceVersionDate "2021.10.06"]
[SourceQuality "1"]
[WhiteTeam "Bad Windsheim/Ansbach"]
[BlackTeam "Fuerth SG"]
[WhiteTeamCountry "GER"]
[BlackTeamCountry "GER"]

1. d4 d5 2. c4 e6 3. Nc3 Nf6 4. Bf4 c6 5. cxd5 exd5 6. e3 Bd6 7. Bxd6 Qxd6 8. Nf3 0-0 9. Qc2 Nbd7 10. Bd3 Re8 11. 0-0 a6 12. Rac1 Nf8 13. Ne5 N6d7 14. Nxd7 Bxd7 15. Na4 Re7 16. Nb6 Rae8 17. Nxd7 Rxd7 18. Bf5 Rde7 19. a3 g6 20. Bd3 f5 21. Qd2 Nd7 22. Rfe1 Nf6 23. f3 Kg7 24. b4 Re6 25. Re2 Qe7 26. Rce1 h6 27. a4 b5 28. axb5 axb5 29. Kf2 Ra8 30. Qc3 Ra4 31. Rb1 Qa7 32. Reb2 h5 33. Bc2 Ra6 34. Rc1 Ne8 35. Rbb1 Nd6 36. Ra1 Nc4 37. Rxa6 Qxa6 38. Ra1 Qb7 39. Re1 Qe7 40. g3 h4 41. Re2 Qg5 42. Bb3 hxg3+ 43. hxg3 Qh6 44. Bxc4 Qh2+ 45. Kf1 Qh1+ 46. Kf2 bxc4 47. Qe1 Qh2+ 48. Kf1 Qh3+ 49. Kf2 Re8 50. Qg1 Rb8 51. Rb2 c3 52. Rb1 Ra8 53. Ra1 Rxa1 54. Qxa1 Qh2+ 0-1

[Event "Mittelfranken Mitte-ch"]
[Site "Zirndorf"]
[Date "2015.01.04"]
[Round "5"]
[White "Strobel, Norbert"]
[Black "Luther, Helmut"]
[Result "0-1"]
[WhiteElo "1948"]
[BlackElo "1949"]
[PlyCount "82"]
[EventDate "2015.01.02"]
[EventType "swiss"]
[EventRounds "7"]
[EventCountry "GE2"]
[SourceTitle "EXT 2018"]
[Source "ChessBase"]
[SourceDate "2017.10.13"]
[SourceVersion "1"]
[SourceVersionDate "2017.10.13"]
[SourceQuality "1"]

1. d4 d5 2. Nf3 Nf6 3. e3 g6 4. Bd3 Bg7 5. 0-0 0-0 6. b4 a6 7. c4 c6 8. h3 Nbd7 9. Qb3 Re8 10. cxd5 cxd5 11. Bb2 b6 12. Ne5 Nxe5 13. dxe5 Ne4 14. Rd1 Ng5 15. f4 Nxh3+ 16. gxh3 Bxh3 17. Bf1 Qd7 18. Bxh3 Qxh3 19. Nd2 Qg3+ 20. Kf1 Qh3+ 21. Ke2 Qg4+ 22. Kd3 Qf5+ 23. Kd4 f6 24. e4 fxe5+ 25. Kd3 Qxf4 26. Rf1 Qg4 27. Bxe5 e6 28. Bxg7 Kxg7 29. Qc3+ Kg8 30. Qc7 dxe4+ 31. Nxe4 Rad8+ 32. Ke3 Qh3+ 33. Rf3 Rd3+ 34. Kxd3 Qxf3+ 35. Kd2 Qxe4 36. Rf1 Qd4+ 37. Ke1 Qe3+ 38. Kd1 Qd4+ 39. Ke1 Qe3+ 40. Kd1 Qd3+ 41. Ke1 Qb1+ 0-1

[Event "SVR-ch MAT-II 37th"]
[Site "Heimbach Weis"]
[Date "2014.04.18"]
[Round "8"]
[White "Breuer, Yannick"]
[Black "Strobel, Norbert"]
[Result "0-1"]
[WhiteElo "1755"]
[BlackElo "1964"]
[PlyCount "86"]
[EventDate "2014.04.11"]
[EventType "tourn"]
[EventRounds "9"]
[EventCountry "GER"]
[SourceTitle "CBM 160 Extra"]
[Source "ChessBase"]
[SourceDate "2014.07.01"]
[SourceVersion "1"]
[SourceVersionDate "2014.07.01"]
[SourceQuality "1"]

1. e4 c6 2. d4 d5 3. exd5 cxd5 4. c4 Nf6 5. Nc3 e6 6. Nf3 Be7 7. c5 a5 8. Bf4 0-0 9. Bd3 Bd7 10. 0-0 b6 11. cxb6 Qxb6 12. Qe2 Nc6 13. Rfd1 Nb4 14. Bb5 Bd6 15. Be5 Bxb5 16. Nxb5 Bxe5 17. Nxe5 a4 18. a3 Ra5 19. Nc3 Nc6 20. Nxc6 Qxc6 21. Rac1 Qa6 22. Qxa6 Rxa6 23. Rc2 Rc8 24. f3 Rc4 25. Kf2 Kf8 26. Ke3 Ne8 27. Rdc1 Nd6 28. Kd3 Rb6 29. Nd1 Rb3+ 30. Rc3 Nb5 31. Rxb3 Rxd4+ 32. Ke3 axb3 33. Rc8+ Ke7 34. Nc3 Nd6 35. Kxd4 Nxc8 36. Nb5 Nd6 37. Kc3 Nxb5+ 38. Kxb3 Kd6 39. Kb4 Kc6 40. a4 Nd4 41. a5 Nc2+ 42. Kc3 Ne1 43. b4 Kb5 0-1

[Event "Berlin Lichtenberger op 12th"]
[Site "Berlin"]
[Date "2013.08.23"]
[Round "7"]
[White "Fiedler, Wolfgang"]
[Black "Strobel, Norbert"]
[Result "0-1"]
[WhiteElo "2012"]
[BlackElo "2048"]
[PlyCount "120"]
[EventDate "2013.08.17"]
[EventType "swiss"]
[EventRounds "9"]
[EventCountry "GER"]
[SourceTitle "CBM 156 Extra"]
[Source "ChessBase"]
[SourceDate "2013.10.22"]
[SourceVersion "1"]
[SourceVersionDate "2013.10.22"]
[SourceQuality "1"]

1. c4 g6 2. d4 Bg7 3. Nc3 d6 4. e4 a6 5. Be2 Nc6 6. Be3 Bd7 7. Qd2 e5 8. Nf3 exd4 9. Nxd4 h6 10. Rd1 b6 11. Bf3 Ne5 12. Be2 Ne7 13. 0-0 Ng4 14. Bf4 Ne5 15. Nd5 N7c6 16. Nxc6 Bxc6 17. Be3 Nd7 18. Bd4 0-0 19. Bxg7 Kxg7 20. Qd4+ f6 21. Nc3 a5 22. f4 Qe8 23. Bg4 Nc5 24. Rfe1 Rd8 25. Re3 Qf7 26. Rf3 Kh7 27. f5 g5 28. Rh3 Qe7 29. Re1 Nd7 30. Bh5 Ne5 31. Ree3 Kg7 32. Rhg3 Bb7 33. Be2 Nc6 34. Qd1 Qe5 35. Bh5 Qd4 36. Nd5 Qxd1+ 37. Bxd1 Rd7 38. Nf4 Nd8 39. Bh5 Rg8 40. Ne6+ Nxe6 41. fxe6 Re7 42. Bf7 Rh8 43. b3 Bc6 44. h4 Be8 45. hxg5 hxg5 46. Rh3 Rxh3 47. Rxh3 Bxf7 48. exf7 Rxf7 49. Kf2 Rf8 50. Rd3 Rh8 51. a4 Kf7 52. Kf3 Ke6 53. Rd1 Rh4 54. g3 Rh2 55. Rd3 c6 56. Kg4 Ke5 57. Kf3 Rc2 58. Kg4 Re2 59. Kf3 Rxe4 60. Rxd6 g4+ 0-1

[Event "Mittelfranken-ch HT 60th"]
[Site "Buechenbach/Roth"]
[Date "2011.04.22"]
[Round "7"]
[White "Strobel, Norbert"]
[Black "Wagner, Florian"]
[Result "0-1"]
[WhiteElo "1964"]
[BlackElo "2207"]
[PlyCount "34"]
[EventDate "2011.04.19"]
[EventType "swiss"]
[EventRounds "9"]
[EventCountry "GER"]
[SourceTitle "CBM 142 Extra"]
[Source "ChessBase"]
[SourceDate "2011.06.27"]
[SourceVersion "1"]
[SourceVersionDate "2011.06.27"]
[SourceQuality "1"]

1. d4 Nf6 2. Nf3 d5 3. e3 c6 4. Bd3 g6 5. c4 Bg7 6. cxd5 Nxd5 7. 0-0 0-0 8. Bd2 c5 9. Qb3 cxd4 10. exd4 Nc6 11. Bc4 Nb6 12. d5 Nxc4 13. Qxc4 Bxb2 14. Bh6 Na5 15. Qb4 Bxa1 16. Nc3 Bxc3 17. Qxc3 f6 0-1

[Event "Mittelfranken-ch HT 60th"]
[Site "Buechenbach/Roth"]
[Date "2011.04.20"]
[Round "4"]
[White "Walter, Thomas"]
[Black "Strobel, Norbert"]
[Result "0-1"]
[WhiteElo "2089"]
[BlackElo "1964"]
[PlyCount "92"]
[EventDate "2011.04.19"]
[EventType "swiss"]
[EventRounds "9"]
[EventCountry "GER"]
[SourceTitle "CBM 142 Extra"]
[Source "ChessBase"]
[SourceDate "2011.06.27"]
[SourceVersion "1"]
[SourceVersionDate "2011.06.27"]
[SourceQuality "1"]

1. e4 c6 2. d4 d5 3. e5 Bf5 4. Nf3 e6 5. Be2 c5 6. 0-0 Nc6 7. Be3 cxd4 8. Nxd4 Nge7 9. g4 Bg6 10. f4 Nxd4 11. Bxd4 a6 12. Nc3 Rc8 13. Kg2 h5 14. h3 hxg4 15. hxg4 Nc6 16. Qd2 Nxd4 17. Qxd4 Bc5 18. Qd2 d4 19. f5 dxc3 20. Qf4 exf5 21. Rad1 Qe7 22. gxf5 Rh4 23. Qg3 Bh5 24. f6 gxf6 25. Qxh4 Bxe2 26. Rfe1 Qxe5 27. bxc3 Ke7 28. Rd4 Rg8+ 29. Kf2 Bxd4+ 30. cxd4 Qf5+ 31. Kxe2 Rg4 32. Kd2+ Kd7 33. Qh1 Rxd4+ 34. Kc1 Qf4+ 35. Kb2 Rb4+ 36. Ka3 Ra4+ 37. Kb2 Qd4+ 38. Kc1 Qf4+ 39. Kb2 Qb4+ 40. Kc1 Qa3+ 41. Kd2 Rd4+ 42. Ke2 Qb4 43. Qh3+ Kc7 44. Qg3+ Kc6 45. Qf3+ Re4+ 46. Kd3 Qd4# 0-1

[Event "Nuremberg Zabo op 12th"]
[Site "Nuremberg"]
[Date "2010.09.19"]
[Round "5"]
[White "Krauss, Josef"]
[Black "Strobel, Norbert"]
[Result "1-0"]
[WhiteElo "2064"]
[BlackElo "1929"]
[PlyCount "75"]
[EventDate "2010.09.17"]
[EventType "swiss"]
[EventRounds "5"]
[EventCountry "GER"]
[SourceTitle "EXT 2011"]
[Source "ChessBase"]
[SourceDate "2010.11.26"]
[SourceVersion "1"]
[SourceVersionDate "2010.11.26"]
[SourceQuality "1"]

1. e4 d6 2. d4 g6 3. c3 Bg7 4. Be3 Nf6 5. f3 Nbd7 6. Qd2 h5 7. Bc4 c6 8. Bb3 a5 9. a4 Qc7 10. Na3 b6 11. Nh3 d5 12. e5 Ng8 13. e6 fxe6 14. Bc2 Nf8 15. 0-0 Bd7 16. Nf4 0-0-0 17. Nd3 Bh6 18. Ne5 Be8 19. b4 Bxe3+ 20. Qxe3 axb4 21. cxb4 Nh6 22. Rfc1 Kb7 23. a5 Nd7 24. Nxc6 Qxc6 25. Bd3 Qd6 26. Nb5 Qxb4 27. Rc7+ Kb8 28. a6 Nc5 29. Qe5 Bxb5 30. Rxc5+ Ka8 31. Rxb5 Qc3 32. Rd1 Qc6 33. Rdb1 Rb8 34. a7 Kxa7 35. R5b2 Qd6 36. Ra1+ Kb7 37. Ba6+ Kc7 38. Rc1+ 1-0